[Event "Olimpiade 2024 - Donne"]
[Site "Budapest"]
[Date "18.09.2024"]
[Round "7.19"]
[Board "2"]
[White "Frayna, Janelle Mae"]
[Black "Campos, Maria Jose"]
[Result "1-0"]
[WhiteTitle "WGM"]
[BlackTitle "WIM"]
[WhiteElo "2216"]
[BlackElo "2252"]
[WhiteTeam "Philippines"]
[BlackTeam "Argentina"]
[WhiteFideId "5212499"]
[BlackFideId "146803"]
[EventDate "2024.09.11"]

1. c4 e6 2. g3 Nf6 3. Bg2 d5 4. Nf3 dxc4 5. Qa4+ Nbd7 6. Qxc4 c5 7. d3 b6 8. Nd4
b5 9. Nxb5 Rb8 10. O-O Qb6 11. N1c3 Be7 12. Qa4 a6 13. Na3 O-O 14. Nc4 Qd8 15.
Na5 Ne5 16. Bf4 Rb4 17. Qc2 Qxa5 18. Bxe5 Nd7 19. Bf4 Qb6 20. b3 h5 21. Rab1 Qa5
22. Ne4 Qd8 23. a3 Rd4 24. Be3 Rd5 25. Rfc1 Rf5 26. Qd2 g5 27. Rc2 Bb7 28. Nd6
Bxd6 29. Bxb7 h4 30. Be4 Re5 31. Bg2 Be7 32. d4 cxd4 33. Bxd4 Rf5 34. Be4 Ra5
35. a4 h3 36. Bc3 Rc5 37. b4 Rc7 38. Ba1 f5 39. Bh1 Rxc2 40. Qxc2 Qb6 41. Qc6
Rd8 42. a5 Qxc6 43. Bxc6 Nb8 44. Ba4 Rd2 45. Be5 Nd7 46. Bc3 Rd6 47. Rd1 Rxd1+
48. Bxd1 Kf7 49. Ba4 Nf6 50. b5 axb5 51. Bxb5 Bc5 52. e3 Ke7 53. a6 Nd7 54. Bd4
Bxd4 55. exd4 Nb6 56. a7 Kd6 57. Be2 Kd5 58. Bf3+ Kxd4 59. a8=Q Nxa8 60. Bxa8 e5
61. Bb7 e4 62. Kf1 e3 63. f3 Kd3 64. Ke1 f4 65. gxf4 gxf4 66. Bc8 1-0

[Event "Olimpiade 2024 - Donne"]
[Site "Budapest"]
[Date "18.09.2024"]
[Round "7.19"]
[Board "3"]
[White "Borda Rodas, Anapaola S."]
[Black "Fronda, Jan Jodilyn"]
[Result "1/2-1/2"]
[WhiteTitle "WIM"]
[BlackTitle "WIM"]
[WhiteElo "2216"]
[BlackElo "2165"]
[WhiteTeam "Argentina"]
[BlackTeam "Philippines"]
[WhiteFideId "152781"]
[BlackFideId "5204585"]
[EventDate "2024.09.11"]

1. e4 c5 2. Nf3 e6 3. d4 cxd4 4. Nxd4 Nc6 5. Bf4 d6 6. Nxc6 bxc6 7. c4 e5 8. Be3
Nf6 9. Nc3 Ng4 10. Bc1 Be7 11. Be2 Nf6 12. O-O O-O 13. b3 Ne8 14. c5 Nc7 15.
cxd6 Bxd6 16. Be3 Ne6 17. Na4 Bb7 18. Bc4 Qe7 19. Qg4 Bc8 20. Bh6 Qf6 21. Be3
Nf4 22. Qg3 Be6 23. Ba6 Bc8 24. Bc4 Be6 25. Kh1 Bxc4 26. bxc4 Rab8 27. Nc5 Rfd8
28. Nb3 Qe6 29. Bxa7 Rb4 30. c5 Bc7 31. Rfd1 Rxe4 32. Bb6 Rxd1+ 33. Rxd1 Nd5 34.
Qd3 Qf5 35. Qa6 h6 36. Qa8+ Kh7 37. Qxc6 Qxf2 38. h3 Bb8 39. Ba5 Nf6 40. Qb7 Re2
41. Qf3 Ne4 42. Rd3 Bc7 43. Nc1 Re1+ 44. Bxe1 Qxe1+ 45. Kh2 Ng5 46. Qf5+ g6 47.
Qc8 e4+ 48. Qxc7 exd3 49. Nxd3 Qd2 50. Qg3 Qxa2 51. h4 Ne4 52. Qf4 Qe6 53. Ne5
Nxc5 54. Nxf7 Qf5 55. Qc7 Qd7 56. Qf4 Qf5 57. Qxh6+ Kg8 58. Ng5 Qe5+ 59. Kh3 Qg7
60. Qxg7+ Kxg7 61. Kg4 Nd3 62. Ne6+ Kf6 63. Nf4 Ne5+ 64. Kh3 Kf5 65. Nd5 Ke6 66.
Ne3 Kf7 67. g4 Kf6 68. Nd5+ Ke6 69. Nf4+ Kf6 70. g5+ Kf5 71. Nd5 Ke4 72. Ne7 Kf4
73. Ng8 Nf7 74. Nh6 1/2-1/2

[Event "Olimpiade 2024 - Donne"]
[Site "Budapest"]
[Date "18.09.2024"]
[Round "7.19"]
[Board "4"]
[White "Canino, Ruelle"]
[Black "Amura, Claudia"]
[Result "1-0"]
[BlackTitle "WGM"]
[WhiteElo "2004"]
[BlackElo "2191"]
[WhiteTeam "Philippines"]
[BlackTeam "Argentina"]
[WhiteFideId "5220416"]
[BlackFideId "100536"]
[EventDate "2024.09.11"]

1. c4 e5 2. Nf3 e4 3. Nd4 Nc6 4. e3 Nxd4 5. exd4 Nf6 6. Nc3 Bb4 7. Be2 O-O 8. g4
d5 9. g5 Bxc3 10. dxc3 Ne8 11. Bf4 Bh3 12. Rg1 dxc4 13. Bxc4 Nd6 14. Bb3 Qd7 15.
Qh5 Be6 16. d5 Bf5 17. O-O-O a5 18. Qe2 b5 19. h4 b4 20. cxb4 axb4 21. h5 Ra5
22. h6 c5 23. Bxd6 Qxd6 24. Bc4 Rfa8 25. Qe3 Rd8 26. Qg3 Raa8 27. Kd2 Qe7 28.
Qf4 Bg6 29. Rde1 Rxd5+ 30. Bxd5 Rd8 31. Kc1 Rxd5 32. Rd1 Rxd1+ 33. Rxd1 gxh6 34.
gxh6 f5 35. Rd6 c4 36. Rc6 c3 37. bxc3 bxc3 38. Rxc3 Qb4 39. Qe5 1-0

[Event "Olimpiade 2024 - Donne"]
[Site "Budapest"]
[Date "18.09.2024"]
[Round "7.20"]
[Board "1"]
[White "Unuk, Laura"]
[Black "Maksimovic, Masa"]
[Result "1/2-1/2"]
[WhiteTitle "IM"]
[BlackTitle "WFM"]
[WhiteElo "2316"]
[BlackElo "2093"]
[WhiteTeam "Slovenia"]
[BlackTeam "Bosnia & Herzegovina"]
[WhiteFideId "14609215"]
[BlackFideId "14408902"]
[EventDate "2024.09.11"]

1. d4 Nf6 2. c4 g6 3. Nf3 Bg7 4. g3 O-O 5. Bg2 d6 6. Nc3 Nc6 7. d5 Na5 8. b3 c5
9. O-O a6 10. Bb2 Rb8 11. Nd2 b5 12. Qc1 e5 13. dxe6 Bxe6 14. cxb5 axb5 15. Nce4
Nxe4 16. Nxe4 Bxb2 17. Qxb2 f5 18. Nc3 Qf6 19. Qd2 b4 20. Nd5 Bxd5 21. Bf3 Be4
22. Bxe4 Kh8 23. Bd5 Qd4 24. Qxd4+ cxd4 25. Rfd1 Nb7 26. Rxd4 Nc5 27. a4 bxa3
28. Rxa3 Rb6 29. b4 Na6 30. b5 Nc7 31. Ra7 Nxb5 32. Rb4 Rfb8 33. Rd7 Nc3 34.
Rxb6 Rxb6 35. Bc4 d5 36. Bd3 Rc6 37. h4 Ne4 38. Rxd5 Nf6 39. Rb5 Rc7 40. Rb6 Kg7
41. Ba6 Re7 42. Rb7 Rxb7 43. Bxb7 h6 44. Bc8 Ne4 45. Kg2 Nd6 46. Bd7 g5 47. Kf3
Kf6 48. hxg5+ hxg5 49. Bc6 Ke5 50. Ke3 Nc4+ 51. Kd3 Nd6 52. f3 f4 53. g4 Nc8 54.
Kc4 Nd6+ 55. Kc5 Nc8 56. Bb7 Nd6 57. Ba6 Nf7 58. Kc6 Kf6 59. Kd5 Nd8 60. Bc4 Nf7
61. Ba2 Ne5 62. Kd6 Ng6 63. Bb1 Nh4 64. Be4 Ng2 65. Kd5 Ne3+ 66. Kd4 Ng2 67. Bd5
Ne3 68. Bb3 Ng2 69. Ba4 Ne3 70. Bb5 Nc2+ 71. Ke4 Ne3 72. Ba6 Ng2 73. Kd5 Ne3+
74. Kd6 Ng2 75. Bd3 Ne3 76. Kc5 Ng2 77. Kd5 Ne3+ 78. Kd4 Ng2 79. e4 fxe3 80. Bf1
Nf4 81. Kxe3 Ne6 82. Bc4 Nf4 83. Ke4 Ng2 84. Bf1 Nf4 85. Kd4 1/2-1/2

[Event "Olimpiade 2024 - Donne"]
[Site "Budapest"]
[Date "18.09.2024"]
[Round "7.20"]
[Board "2"]
[White "Babic, Milana"]
[Black "Urh, Zala"]
[Result "1/2-1/2"]
[WhiteTitle "WCM"]
[BlackTitle "WIM"]
[WhiteElo "2080"]
[BlackElo "2251"]
[WhiteTeam "Bosnia & Herzegovina"]
[BlackTeam "Slovenia"]
[WhiteFideId "14414945"]
[BlackFideId "14611481"]
[EventDate "2024.09.11"]

1. Nf3 Nf6 2. c4 g6 3. b3 Bg7 4. Bb2 O-O 5. g3 c6 6. Bg2 d5 7. O-O a5 8. cxd5
cxd5 9. d3 Nc6 10. Nc3 Re8 11. e3 e5 12. Ne2 Bf5 13. a3 Qd7 14. Rc1 Bg4 15. d4
Bxf3 16. Bxf3 e4 17. Bg2 h5 18. Nf4 Qd6 19. h4 a4 20. b4 Nd7 21. Re1 Nb6 22. Bf1
Ne7 23. Bb5 Red8 24. Rc5 Nf5 25. Qe2 Bf8 26. Rec1 Qf6 27. Ba1 Ng7 28. Qd1 Qf5
29. Bf1 Qf6 30. Rb5 Ne8 31. Rcc5 Qd6 32. Nxd5 Nxd5 33. Rxd5 Qxd5 34. Rxd5 Rxd5
35. Bc4 Rf5 36. Qc2 Nd6 37. Bf1 Rc8 38. Qxa4 b5 39. Qb3 Rc7 40. Bb2 Bh6 41. Bh3
Rf3 42. Bg2 Rf5 43. Bh3 Rf3 44. Bg2 Rf5 45. a4 bxa4 46. Qxa4 Bf8 47. Bf1 Rb7 48.
Qc6 Rb8 49. Ba3 Rc8 50. Qa4 Rb8 51. Qc6 Rc8 52. Qa4 Rb8 1/2-1/2

[Event "Olimpiade 2024 - Donne"]
[Site "Budapest"]
[Date "18.09.2024"]
[Round "7.20"]
[Board "3"]
[White "Janzelj, Lara"]
[Black "Jacimovic, Sara"]
[Result "1/2-1/2"]
[WhiteTitle "WIM"]
[BlackTitle "WFM"]
[WhiteElo "2193"]
[BlackElo "1981"]
[WhiteTeam "Slovenia"]
[BlackTeam "Bosnia & Herzegovina"]
[WhiteFideId "14608391"]
[BlackFideId "14403668"]
[EventDate "2024.09.11"]

1. d4 Nf6 2. c4 g6 3. Nc3 Bg7 4. e4 d6 5. Be2 O-O 6. Nf3 e5 7. d5 a5 8. h3 Na6
9. g4 Nc5 10. Qc2 Ne8 11. Bg5 f6 12. Be3 f5 13. gxf5 gxf5 14. Bxc5 dxc5 15.
O-O-O Nd6 16. Rdg1 Qf6 17. Rg2 Kh8 18. Nd2 Bh6 19. Kb1 Bxd2 20. Qxd2 f4 21. f3
Bd7 22. Nd1 b6 23. Nf2 h5 24. Qc3 Rg8 25. Rhg1 Rxg2 26. Rxg2 Rg8 27. Rxg8+ Kxg8
28. Nd3 Nf7 29. Bf1 Qg5 30. a3 Qg1 31. Qe1 a4 32. h4 Kg7 33. Ka2 Kf6 34. Kb1 Nh8
35. Ka2 Ng6 36. b3 Qg3 37. Qe2 axb3+ 38. Kxb3 Qxh4 39. a4 Kf7 40. a5 Qd8 41. Qh2
bxa5 42. Qxh5 Qb8+ 43. Kc3 Kf6 44. Be2 Qb1 45. Qh7 Ba4 46. Kd2 Qg1 47. Qxc7 Qe3+
48. Ke1 Qg1+ 49. Kd2 Qe3+ 50. Ke1 Qg1+ 1/2-1/2

[Event "Olimpiade 2024 - Donne"]
[Site "Budapest"]
[Date "18.09.2024"]
[Round "7.20"]
[Board "4"]
[White "Mimic, Sofija"]
[Black "Mihelic, Vesna"]
[Result "0-1"]
[BlackTitle "WFM"]
[WhiteElo "1809"]
[BlackElo "2069"]
[WhiteTeam "Bosnia & Herzegovina"]
[BlackTeam "Slovenia"]
[WhiteFideId "14425920"]
[BlackFideId "14625520"]
[EventDate "2024.09.11"]

1. e4 e5 2. Nf3 Nc6 3. Bb5 a6 4. Ba4 Bc5 5. c3 d6 6. O-O Bg4 7. d3 Ne7 8. Nbd2
O-O 9. Re1 Kh8 10. h3 Bh5 11. g4 Bg6 12. Nf1 f6 13. Ng3 d5 14. Nh4 Bf7 15. Qf3
Qd7 16. Kh2 Rad8 17. Bc2 b5 18. Rg1 d4 19. Ngf5 Be6 20. Qg3 dxc3 21. bxc3 g6 22.
Nxe7 Qxe7 23. Be3 b4 24. Ba4 Bd7 25. Nxg6+ hxg6 26. Qh4+ Kg8 27. Bb3+ Be6 28.
Bxc5 Qxc5 29. Bxe6+ Kg7 30. g5 fxg5 31. Rxg5 Qxf2+ 32. Qxf2 Rxf2+ 33. Kg1 Rd2
34. cxb4 Kf6 35. Rg3 Kxe6 36. Rxg6+ Kd7 37. Rc1 Ne7 38. Rxa6 Rg8+ 39. Kh1 Rxd3
40. Rh6 Rgg3 41. Kh2 Rge3 42. h4 Rxe4 43. h5 Rxb4 44. Ra1 Nf5 45. Rh7+ Ke6 46.
Rxc7 Rh4+ 47. Kg2 Rg3+ 48. Kf2 Rh2+ 49. Kf1 Ne3+ 0-1

[Event "Olimpiade 2024 - Donne"]
[Site "Budapest"]
[Date "18.09.2024"]
[Round "7.21"]
[Board "1"]
[White "Shohradova, Lala"]
[Black "Arribas Robaina, Maritza"]
[Result "1/2-1/2"]
[WhiteTitle "WFM"]
[BlackTitle "WGM"]
[WhiteElo "2030"]
[BlackElo "2143"]
[WhiteTeam "Turkmenistan"]
[BlackTeam "Cuba"]
[WhiteFideId "14004089"]
[BlackFideId "3501418"]
[EventDate "2024.09.11"]

1. d4 Nf6 2. c4 e6 3. Nf3 d5 4. Nc3 Be7 5. Bg5 h6 6. Bh4 O-O 7. e3 b6 8. cxd5
exd5 9. Bd3 Nbd7 10. O-O c5 11. Rc1 Bb7 12. Qe2 a6 13. dxc5 bxc5 14. Rfd1 Re8
15. Bc2 Qa5 16. Bb3 Nb6 17. Qd2 Qb4 18. Na4 Qxd2 19. Rxd2 Nxa4 20. Bxa4 Rec8 21.
Rdc2 c4 22. Nd4 g5 23. Bg3 Ne4 24. Nf5 Bf8 25. Re2 Nxg3 26. hxg3 Rc5 27. Bd1 Rb8
28. Rec2 Bc8 29. Nd4 Bd7 30. b3 Rbc8 31. Be2 R5c7 32. bxc4 Ba4 33. Nb3 Ba3 34.
Bg4 Bxc1 35. Bxc8 Rxc8 36. Rxc1 dxc4 37. Rc3 Kg7 38. Nd4 Rc5 39. f4 Bc6 40. Kf2
Be4 41. Nf3 Rb5 42. Nd2 Rb2 43. Ke1 Bd3 44. a3 Ra2 45. g4 gxf4 46. exf4 Kg6 47.
g3 h5 48. Nxc4 Bxc4 49. gxh5+ Kxh5 50. Rxc4 Rxa3 51. Rc7 Kg4 52. Rxf7 Rxg3 53.
f5 Rf3 54. Kd2 Kg5 55. Kc2 Rxf5 56. Rxf5+ Kxf5 1/2-1/2

[Event "Olimpiade 2024 - Donne"]
[Site "Budapest"]
[Date "18.09.2024"]
[Round "7.21"]
[Board "2"]
[White "Miranda Llanes, Yerisbel"]
[Black "Agajanova, Meryem"]
[Result "1/2-1/2"]
[WhiteTitle "WGM"]
[BlackTitle "WCM"]
[WhiteElo "2294"]
[BlackElo "2007"]
[WhiteTeam "Cuba"]
[BlackTeam "Turkmenistan"]
[WhiteFideId "3507700"]
[BlackFideId "14005930"]
[EventDate "2024.09.11"]

1. d4 d5 2. c4 e6 3. Nf3 Nf6 4. g3 Bb4+ 5. Bd2 Be7 6. Bg2 O-O 7. O-O dxc4 8. Qc2
a6 9. Qxc4 b5 10. Qc2 Bb7 11. Rc1 Bd6 12. Nc3 c5 13. dxc5 Bxc5 14. e4 Nbd7 15.
Bg5 h6 16. Bxf6 Qxf6 17. e5 Qe7 18. Qe2 Rac8 19. a3 Rfd8 20. Rc2 Nb6 21. Rac1
Nc4 22. a4 Qe8 23. axb5 axb5 24. Ne4 Ba7 25. b3 Bxe4 26. Qxe4 Nb6 27. Qb7 Rxc2
28. Rxc2 Rd7 29. Qa6 Rd1+ 30. Bf1 Qd7 31. Re2 Qd3 32. Re1 Qxf3 33. Rxd1 Qxd1 34.
Qxa7 Nd7 35. Qa8+ Kh7 36. Qe4+ Kg8 37. Qa8+ Kh7 38. Qe4+ g6 39. b4 Qa1 40. Kg2
Nxe5 41. Bxb5 Qb2 42. h3 Kg7 43. Be2 Nd7 44. b5 Nb6 45. Qd3 Qe5 46. Bf3 Qc5 47.
Bc6 e5 48. Qf3 Nc4 49. Qd5 Qd4 50. Qxd4 exd4 51. Kf3 d3 52. Bd5 d2 53. Ke2 Nb6
54. Bb3 Kf6 55. Kxd2 Ke7 56. Kc3 f6 57. Kd4 Kd6 58. Bf7 g5 59. Bb3 Nc8 60. Bc2
Ne7 61. Bd3 Nd5 62. Bc2 Ne7 63. Ba4 Nd5 64. Kd3 Kc5 65. Bb3 Ne7 66. Bc4 Nf5 67.
Be6 Nd6 68. Bd7 Nf7 69. Ke4 Nd6+ 70. Kf3 Nc4 71. Bc6 f5 72. Ke2 Kd4 73. Bd7 Ke4
74. Be6 Nb6 75. Bb3 f4 76. Bc2+ Ke5 77. Kf3 fxg3 78. fxg3 Nd5 79. Bb3 Nf6 80.
Ke3 Nd7 81. Kd3 Nb6 82. Kc3 Ke4 83. Be6 Ke5 84. Bf7 Ke4 85. Kb4 Kd4 86. Ka5 Kc5
87. Be6 Na8 88. Bd7 Nb6 89. Bc6 Nc4+ 90. Ka6 Nd6 91. Bd7 Nc4 92. Kb7 Kd6 93. Be8
Kc5 94. Kc7 Nb6 95. Bc6 h5 96. h4 gxh4 97. gxh4 Nc4 98. Be8 Nd6 99. Bxh5 Nxb5+
100. Kd7 Nd4 101. Bf7 Nf5 102. h5 Kd4 103. Ke6 Ng7+ 104. Kf6 Nxh5+ 105. Bxh5 1/2-1/2

[Event "Olimpiade 2024 - Donne"]
[Site "Budapest"]
[Date "18.09.2024"]
[Round "7.21"]
[Board "3"]
[White "Shohradova, Leyla"]
[Black "Forgas Moreno, Yaniela"]
[Result "1-0"]
[WhiteTitle "WCM"]
[BlackTitle "WGM"]
[WhiteElo "1873"]
[BlackElo "2203"]
[WhiteTeam "Turkmenistan"]
[BlackTeam "Cuba"]
[WhiteFideId "14004259"]
[BlackFideId "3508072"]
[EventDate "2024.09.11"]

1. d4 Nf6 2. Nf3 g6 3. c4 Bg7 4. Nc3 c5 5. d5 d6 6. e4 Na6 7. h3 Nc7 8. Bd3 O-O
9. O-O e5 10. dxe6 Nxe6 11. Bc2 b6 12. Qe2 a6 13. Rd1 Qc7 14. Be3 Bb7 15. Nd5
Qd8 16. Qd2 Nd7 17. Nf4 Nxf4 18. Bxf4 Ne5 19. Nxe5 dxe5 20. Bg5 f6 21. Be3 Qc8
22. Qd6 Rb8 23. b4 Rf7 24. Qd3 Bf8 25. bxc5 bxc5 26. Rab1 Qc7 27. Qa3 Ra8 28.
Qb3 Kg7 29. f3 Rc8 30. Qc3 Rd8 31. Ba4 Rxd1+ 32. Rxd1 Bc8 33. Qd2 Be6 34. Qd3 g5
35. Rb1 Be7 36. Qb3 Qa5 37. Bc6 Rf8 38. Qb7 Kf7 39. Bd5 Bxd5 40. cxd5 Rd8 41.
Qa7 c4 42. Rb7 Qa3 43. Qc5 Qxc5 44. Bxc5 Rb8 45. Rxe7+ Kg6 46. Rc7 Rb2 47. Ba7
Rc2 48. d6 c3 49. Be3 Rxa2 50. Rxc3 Kf7 51. Rc7+ Ke6 52. Bc5 f5 53. exf5+ Kxf5
54. d7 Rd2 55. Be7 1-0

[Event "Olimpiade 2024 - Donne"]
[Site "Budapest"]
[Date "18.09.2024"]
[Round "7.21"]
[Board "4"]
[White "Hernandez Gil, Ineymig"]
[Black "Rejepova, Jahan"]
[Result "1/2-1/2"]
[WhiteTitle "WIM"]
[WhiteElo "2160"]
[BlackElo "1915"]
[WhiteTeam "Cuba"]
[BlackTeam "Turkmenistan"]
[WhiteFideId "3526216"]
[BlackFideId "14006480"]
[EventDate "2024.09.11"]

1. e4 e6 2. d4 d5 3. Nc3 Bb4 4. Ne2 dxe4 5. a3 Bxc3+ 6. Nxc3 Nc6 7. Bf4 Nf6 8.
Bb5 h6 9. Bxc6+ bxc6 10. Qd2 Ba6 11. O-O-O Rb8 12. f3 e3 13. Bxe3 Qe7 14. g4 O-O
15. Qf2 Nd5 16. Nxd5 cxd5 17. Bd2 Rfc8 18. Bb4 Qd7 19. h4 Qa4 20. Rhg1 Rxb4 21.
axb4 Qxb4 22. c3 Qa5 23. Qc2 Bb5 24. g5 h5 25. g6 f6 26. Rde1 Bd7 27. b4 Qb5 28.
Kd2 Qc4 29. Ra1 Bb5 30. Rge1 e5 31. Qf5 Re8 32. Rxa7 e4 33. Re3 Qb3 34. fxe4
Qb2+ 35. Kd1 Qb1+ 36. Kd2 Qb2+ 37. Kd1 Qb1+ 38. Kd2 Qb2+ 39. Kd1 Qb1+ 40. Kd2 1/2-1/2

[Event "Olimpiade 2024 - Donne"]
[Site "Budapest"]
[Date "18.09.2024"]
[Round "7.22"]
[Board "1"]
[White "Tan, Li Ting"]
[Black "Mihok-Juhasz, Barbara"]
[Result "1/2-1/2"]
[WhiteTitle "WFM"]
[BlackTitle "WIM"]
[WhiteElo "2037"]
[BlackElo "2193"]
[WhiteTeam "Malaysia"]
[BlackTeam "Hungary B"]
[WhiteFideId "5704820"]
[BlackFideId "743585"]
[EventDate "2024.09.11"]

1. d4 Nf6 2. c4 g6 3. Nc3 Bg7 4. e4 d6 5. h3 O-O 6. Bg5 c5 7. d5 e6 8. Bd3 exd5
9. exd5 Re8+ 10. Nge2 Nbd7 11. O-O Ne5 12. Ng3 h6 13. Bf4 a6 14. Be2 Nh7 15. Qc1
h5 16. Nge4 Bf5 17. Re1 Bxe4 18. Nxe4 f5 19. Ng5 Nxg5 20. Bxg5 Qd7 21. a4 Nf7
22. Bd2 Re7 23. Bc3 Rae8 24. Kf1 Bxc3 25. Qxc3 Re5 26. a5 Qe7 27. Bd3 Qh4 28. b3
Qf4 29. Rxe5 Rxe5 30. Kg1 Ng5 31. Rb1 h4 32. Qc1 Qxc1+ 33. Rxc1 Ne4 34. Bxe4
Rxe4 35. Kf1 Kf7 36. Re1 Rd4 37. Re6 Rd3 38. Rxd6 Rxb3 39. Rb6 Rxb6 40. axb6 g5
41. Ke2 Ke7 42. f4 g4 43. Kd3 Kf6 44. Kc3 Ke7 45. Kd3 Kf6 1/2-1/2

[Event "Olimpiade 2024 - Donne"]
[Site "Budapest"]
[Date "18.09.2024"]
[Round "7.22"]
[Board "2"]
[White "Lakos, Nikoletta"]
[Black "Azhar, Puteri Munajjah Az-Zahraa"]
[Result "0-1"]
[WhiteTitle "WGM"]
[BlackTitle "WIM"]
[WhiteElo "2192"]
[BlackElo "2014"]
[WhiteTeam "Hungary B"]
[BlackTeam "Malaysia"]
[WhiteFideId "705128"]
[BlackFideId "5709040"]
[EventDate "2024.09.11"]

1. e4 e5 2. Nf3 Nc6 3. Bc4 Bc5 4. O-O Nf6 5. d3 d6 6. c3 O-O 7. h3 h6 8. Re1 a6
9. Bb3 Re8 10. Nbd2 Be6 11. Nf1 d5 12. Ng3 Qd7 13. exd5 Bxd5 14. Ne4 Be7 15. Bc2
Rad8 16. Qe2 b5 17. Nfd2 Be6 18. Nxf6+ Bxf6 19. Ne4 Be7 20. a4 b4 21. Ng3 b3 22.
Bb1 Bf8 23. a5 f5 24. Qh5 Qf7 25. Qxf7+ Kxf7 26. f4 Bc5+ 27. Kf1 e4 28. d4 Be7
29. Be3 Bh4 30. Bf2 Bxg3 31. Bxg3 Rd5 32. Bf2 Rxa5 33. Rxa5 Nxa5 34. g4 g6 35.
gxf5 gxf5 36. Be3 Nc4 37. Bc1 Rg8 38. Kf2 Bd5 39. Re2 Kg6 40. Kg3 Kh5+ 41. Kh2
Kh4 42. Be3 Nxe3 43. Rxe3 c6 44. c4 Bxc4 45. Rc3 Bd5 46. Re3 a5 47. Rc3 e3 0-1

[Event "Olimpiade 2024 - Donne"]
[Site "Budapest"]
[Date "18.09.2024"]
[Round "7.22"]
[Board "3"]
[White "Azhar, Puteri Rifqah Fahada"]
[Black "Karacsonyi, Kata"]
[Result "1/2-1/2"]
[WhiteTitle "WFM"]
[BlackTitle "WFM"]
[WhiteElo "1947"]
[BlackElo "2233"]
[WhiteTeam "Malaysia"]
[BlackTeam "Hungary B"]
[WhiteFideId "5702879"]
[BlackFideId "769584"]
[EventDate "2024.09.11"]

1. Nf3 Nf6 2. c4 e6 3. b3 d5 4. Bb2 c5 5. e3 Nc6 6. d3 Bd6 7. Be2 O-O 8. O-O e5
9. cxd5 Nxd5 10. Nc3 Nxc3 11. Bxc3 f5 12. Qc2 Qe7 13. Nd2 b6 14. Bf3 Bb7 15.
Bd5+ Kh8 16. e4 Rf6 17. Rfe1 Raf8 18. f3 Nb4 19. Bxb4 cxb4 20. Bxb7 Qxb7 21.
exf5 Rc8 22. Qd1 Bc5+ 23. Kh1 Bd4 24. Rc1 Bc3 25. Re2 Rxf5 26. Ne4 Qd5 27. Rec2
Qd4 28. Nxc3 bxc3 29. Qe1 Qxd3 30. Rxc3 Rxc3 31. Qxc3 Qxc3 32. Rxc3 h6 33. Kg1
Rf7 34. Re3 Re7 35. Kf2 g5 36. g3 Kg7 37. g4 Kf6 38. Rc3 Re6 39. Ke3 Rd6 40. Rd3
Rc6 41. Kd2 b5 42. Rd7 Ra6 43. Kc3 Ke6 44. Rd2 Rc6+ 45. Kd3 h5 46. h3 h4 47. Rc2
Rd6+ 48. Ke2 a6 49. Rc7 Kd5 50. Rc2 a5 51. Rd2+ Ke6 52. Rxd6+ 1/2-1/2

[Event "Olimpiade 2024 - Donne"]
[Site "Budapest"]
[Date "18.09.2024"]
[Round "7.22"]
[Board "4"]
[White "Terbe, Zsuzsanna"]
[Black "Nithyalakshmi, Sivanesan"]
[Result "1/2-1/2"]
[WhiteTitle "WIM"]
[BlackTitle "WCM"]
[WhiteElo "2168"]
[BlackElo "1912"]
[WhiteTeam "Hungary B"]
[BlackTeam "Malaysia"]
[WhiteFideId "708801"]
[BlackFideId "5706955"]
[EventDate "2024.09.11"]

1. d4 f5 2. c4 Nf6 3. Nc3 e6 4. a3 Be7 5. Bf4 b6 6. e3 Bb7 7. h4 d6 8. Nh3 Nbd7
9. Ng5 Nf8 10. Bg3 Qd7 11. Nh3 g6 12. f3 Nh5 13. Bf2 Qd8 14. Nf4 Nxf4 15. exf4
Bf6 16. Qc2 Qe7 17. O-O-O O-O-O 18. Bd3 Qg7 19. Ne2 Nd7 20. Rd2 Kb8 21. Rhd1 Qe7
22. b4 c5 23. Qa4 Bxh4 24. Bxh4 Qxh4 25. dxc5 bxc5 26. Bc2 d5 27. bxc5 Nxc5 28.
Qb5 Qe7 29. cxd5 Rxd5 30. Rxd5 exd5 31. Rxd5 Qe3+ 32. Kb2 Rc8 33. Re5 1/2-1/2

[Event "Olimpiade 2024 - Donne"]
[Site "Budapest"]
[Date "18.09.2024"]
[Round "7.23"]
[Board "1"]
[White "Borosova, Zuzana"]
[Black "Antonova, Nadezhda"]
[Result "1-0"]
[WhiteTitle "WGM"]
[BlackTitle "WFM"]
[WhiteElo "2205"]
[BlackElo "1967"]
[WhiteTeam "Slovakia"]
[BlackTeam "Tajikistan"]
[WhiteFideId "14905779"]
[BlackFideId "14700182"]
[EventDate "2024.09.11"]

1. e4 c5 2. Nf3 d6 3. Bb5+ Nd7 4. O-O Nf6 5. Re1 a6 6. Bf1 e6 7. d4 cxd4 8. Nxd4
Be7 9. c4 O-O 10. Nc3 Qc7 11. f3 b6 12. Be3 Bb7 13. Rc1 Rac8 14. Kh1 Qb8 15. Bg1
Bd8 16. Nc2 Ne5 17. Ne3 Bc7 18. Qd2 Rfd8 19. Red1 Kh8 20. b4 Qa8 21. Qb2 h5 22.
a4 Ng6 23. Bf2 h4 24. h3 Kh7 25. Rd2 a5 26. Rcd1 Bc6 27. Nb5 axb4 28. Qxb4 Bxb5
29. axb5 Nd7 30. Kg1 Nc5 31. Nc2 Rf8 32. Ra1 Qb7 33. Nd4 Ra8 34. Rda2 Rxa2 35.
Rxa2 Ra8 36. Qd2 d5 37. Rxa8 Qxa8 38. exd5 exd5 39. Nf5 dxc4 40. Nxh4 Qa1 41.
Bd4 Bh2+ 42. Kxh2 Qxf1 43. Qg5 Ne6 44. Qh5+ Kg8 45. Nxg6 fxg6 46. Qd5 Qe2 47.
Be5 Kh7 48. Qxe6 c3 49. Qe7 1-0

[Event "Olimpiade 2024 - Donne"]
[Site "Budapest"]
[Date "18.09.2024"]
[Round "7.23"]
[Board "2"]
[White "Tolibova, Dilola"]
[Black "Mrvova, Alena"]
[Result "1-0"]
[BlackTitle "WIM"]
[WhiteElo "1831"]
[BlackElo "2121"]
[WhiteTeam "Tajikistan"]
[BlackTeam "Slovakia"]
[WhiteFideId "14704374"]
[BlackFideId "14902036"]
[EventDate "2024.09.11"]

1. d4 d5 2. Nf3 Nf6 3. Bf4 c5 4. e3 Nc6 5. Nc3 Qb6 6. Nb5 e5 7. dxe5 a6 8. exf6
axb5 9. Qxd5 Be6 10. Qg5 g6 11. Bd3 O-O-O 12. O-O h6 13. Qh4 Rg8 14. Qg3 g5 15.
Ne1 gxf4 16. Qxg8 fxe3 17. fxe3 Ne5 18. Qg3 Bd6 19. Bf5 Bxf5 20. Rxf5 Ng6 21.
Qg4 Kb8 22. Nf3 Bc7 23. a4 c4 24. Rxb5 Qxe3+ 25. Kh1 Nf4 26. Re1 Qf2 27. Qg3
Qxc2 28. Ne5 Qd2 29. Nc6+ Ka8 30. Nxd8 Nd3 31. Qe3 Nf2+ 32. Kg1 Bxh2+ 33. Kf1
Qd3+ 34. Qxd3 Nxd3 35. Re8 Ka7 36. Rxb7+ Ka6 37. Rxf7 Nxb2 38. Re6+ Ka5 39. Rb7
Nxa4 40. Ra7+ Kb4 41. Rxa4+ Kxa4 42. f7 1-0

[Event "Olimpiade 2024 - Donne"]
[Site "Budapest"]
[Date "18.09.2024"]
[Round "7.23"]
[Board "3"]
[White "Bochnickova, Simona"]
[Black "Mashabova, Shukrona"]
[Result "1-0"]
[WhiteTitle "WFM"]
[WhiteElo "2138"]
[BlackElo "1711"]
[WhiteTeam "Slovakia"]
[BlackTeam "Tajikistan"]
[WhiteFideId "14958562"]
[BlackFideId "14702037"]
[EventDate "2024.09.11"]

1. e4 e5 2. Nf3 Nc6 3. d4 exd4 4. Nxd4 Nxd4 5. Qxd4 d6 6. Nc3 Nf6 7. Bg5 Be7 8.
O-O-O O-O 9. e5 Ng4 10. Bxe7 Qxe7 11. exd6 Qxd6 12. Qxd6 cxd6 13. Rd2 Be6 14. h3
Nf6 15. Be2 Rfd8 16. Rhd1 d5 17. Bf3 a6 18. Nxd5 Nxd5 19. Bxd5 Bxd5 20. Rxd5
Rxd5 21. Rxd5 Kf8 22. Rd7 Rb8 23. Kd2 Ke8 24. Rc7 Rd8+ 25. Kc3 Rd7 26. Rxd7 Kxd7
27. Kd4 Kd6 28. c4 a5 29. b3 Kc6 30. a3 b6 31. b4 axb4 32. axb4 Kd6 33. c5+
bxc5+ 34. bxc5+ Kc6 35. g4 f6 36. f4 g5 37. f5 Kc7 38. Kd5 Kd7 39. c6+ 1-0